Southville International School and Colleges
Your cart is empty.
  • Cart
  • Lists
    Public lists Eva Luna New books Lux_list list_1
    Your lists Log in to create your own lists
  • Log in to your account
  • Your cookies
  • Search history
Southville International School and Colleges
  • Advanced search
  • Recent comments
  • Most popular
  • Libraries

Log in to your account

Log in with GOOGLE


If you do not have an external account, but do have a local account, you can still log in:

  1. Home
  2. MARC view: The very peculiar cow and other stories /
Normal view MARC view ISBD view

The very peculiar cow and other stories / (Record no. 110618)

[ view plain ]
MARC details
000 -LEADER
fixed length control field 00487nam a2200181 a 4500
001 - CONTROL NUMBER
control field 1175
005 - DATE AND TIME OF LATEST TRANSACTION
control field 20140414131900.0
008 - FIXED-LENGTH DATA ELEMENTS--GENERAL INFORMATION
fixed length control field 041105s19uu xx 00 eng d
020 ## - INTERNATIONAL STANDARD BOOK NUMBER
International Standard Book Number 0-86163-664-3
050 ## - LIBRARY OF CONGRESS CALL NUMBER
Classification number FIC
Item number B56 1994
100 ## - MAIN ENTRY--PERSONAL NAME
Personal name Blyton, Enid
245 ## - TITLE STATEMENT
Title The very peculiar cow and other stories /
Statement of responsibility, etc Enid Blyton.
260 ## - PUBLICATION, DISTRIBUTION, ETC. (IMPRINT)
Place of publication, distribution, etc London :
Name of publisher, distributor, etc Award Publications,
Date of publication, distribution, etc 1994.
300 ## - PHYSICAL DESCRIPTION
Extent 191 p. ; cm.
650 ## - SUBJECT ADDED ENTRY--TOPICAL TERM
Topical term or geographic name as entry element Short stories.
650 ## - SUBJECT ADDED ENTRY--TOPICAL TERM
Topical term or geographic name as entry element Children stories.
Holdings
Withdrawn status Lost status Damaged status Use restrictions Home library Current library Shelving location Date acquired Source of acquisition Total Checkouts Full call number Barcode Date last seen Price effective from Koha item type
        Munich Library Munich Library Fiction Section 11/05/2004     FIC B56 1994 M1072 04/14/2014 04/14/2014 Books

The very peculiar cow and other stories /

APA

Blyton E., . (1994). The very peculiar cow and other stories. London: Award Publications.

Chicago

Blyton Enid, . 1994. The very peculiar cow and other stories. London: Award Publications.

Harvard

Blyton E., . (1994). The very peculiar cow and other stories. London: Award Publications.

MLA

Blyton Enid, . The very peculiar cow and other stories. London: Award Publications. 1994.

  • Place hold
  • Print
  • Cite
  • Add to your cart (remove)
  • Save record
    BIBTEX Dublin Core MARCXML MARC (non-Unicode/MARC-8) MARC (Unicode/UTF-8) MARC (Unicode/UTF-8, Standard) MODS (XML) RIS
  • More searches
    Search for this title in:
    Other Libraries (WorldCat) Other Databases (Google Scholar) Online Stores (Bookfinder.com) Open Library (openlibrary.org)

Exporting to Dublin Core...

SOUTHVILLE LIBRARY

Southville International School and Colleges Library

1281 Tropical Ave. Cor. Luxembourg St., BF Homes International, Las Pinas City

Tel. No. 8256374 / 252358 Loc. 117/146

Powered by Koha